| 000 | 00468nam a2200145Ia 4500 | ||
|---|---|---|---|
| 008 | 170221s9999 xx 000 0 und d | ||
| 100 | _aLalonde, Kelly. | ||
| 245 | _aAccounting for Revenues: Potential changes in valuation and timing | ||
| 245 | _cKelly Lalonde, Saint Anselm College. | ||
| 260 | _bJournal of Management and Marketing Research | ||
| 260 | _c2012 | ||
| 300 | _a32 : 3 | ||
| 650 | _xBusiness | ||
| 856 | _uhttp://www.aabri.com/manuscripts/131451.pdf | ||
| 999 |
_c311193 _d311193 |
||